[Event "AUT-chT2W 1920"]
[Site "Austria"]
[Date "2019.11.24"]
[Round "5.3"]
[White "Novkovic, Milan"]
[Black "Herrmann, Michael"]
[Result "1-0"]
[WhiteElo "2357"]
[BlackElo "2123"]
[PlyCount "55"]
[EventDate "2019.10.04"]
[EventType "team-tourn"]
[EventRounds "11"]
[EventCountry "AUT"]
[SourceTitle "CBM 193 Extra"]
[Source "ChessBase"]
[SourceDate "2020.01.31"]
[SourceVersion "1"]
[SourceVersionDate "2020.01.31"]
[SourceQuality "1"]
[WhiteTeam "Hohenems II"]
[BlackTeam "Salzburg ASK"]
[WhiteTeamCountry "AUT"]
[BlackTeamCountry "AUT"]

1. Nf3 d5 2. g3 Nf6 3. Bg2 c6 4. 0-0 Bf5 5. d3 h6 6. c4 e6 7. cxd5 exd5 8. Qb3 Qb6 9. Qc2 Nbd7 10. Nc3 Be7 11. e4 dxe4 12. dxe4 Bh7 13. Be3 Qc7 14. Rad1 0-0 15. Nd4 Rfd8 16. Qe2 a6 17. Bf4 Qa5 18. e5 Nd5 19. Bxd5 cxd5 20. Nb3 Qb6 21. Nxd5 Qe6 22. Nc7 Qh3 23. e6 Nf6 24. exf7+ Kxf7 25. Qc4+ Kg6 26. Nxa8 Ng4 27. Qe4+ Kf7 28. Qg2 1-0

[Event "AUT-chT2W 1920"]
[Site "Austria"]
[Date "2019.11.23"]
[Round "4.3"]
[White "Herrmann, Michael"]
[Black "Donev, Ivo Hristov"]
[Result "1/2-1/2"]
[WhiteElo "2123"]
[BlackElo "2319"]
[PlyCount "61"]
[EventDate "2019.10.04"]
[EventType "team-tourn"]
[EventRounds "11"]
[EventCountry "AUT"]
[SourceTitle "CBM 193 Extra"]
[Source "ChessBase"]
[SourceDate "2020.01.31"]
[SourceVersion "1"]
[SourceVersionDate "2020.01.31"]
[SourceQuality "1"]
[WhiteTeam "Salzburg ASK"]
[BlackTeam "Wolfurt"]
[WhiteTeamCountry "AUT"]
[BlackTeamCountry "AUT"]

1. c4 e6 2. Nf3 d5 3. b3 Nf6 4. g3 c5 5. e3 Be7 6. Bg2 0-0 7. 0-0 Nc6 8. Bb2 b6 9. Qe2 Bb7 10. d3 Qc7 11. Nbd2 Rfd8 12. d4 dxc4 13. Nxc4 cxd4 14. Nxd4 Nxd4 15. Bxd4 Rac8 16. Be5 Qd7 17. Rfd1 Bd5 18. Nxb6 axb6 19. e4 Nxe4 20. Bxe4 Qb7 21. Bxd5 Rxd5 22. Rxd5 Qxd5 23. Rd1 Qc6 24. Qd3 f6 25. Qd7 Qxd7 26. Rxd7 Rc1+ 27. Kg2 Bc5 28. Bf4 Ra1 29. Rd2 e5 30. Be3 Bxe3 31. fxe3 1/2-1/2

[Event "Bezirksliga Oberbayern 1819"]
[Site "Bayern"]
[Date "2019.02.24"]
[Round "7.7"]
[White "Yaroshenko, Yaroslav"]
[Black "Herrmann, Michael"]
[Result "0-1"]
[WhiteElo "1834"]
[BlackElo "2112"]
[PlyCount "110"]
[EventDate "2018.10.21"]
[EventType "team-tourn"]
[EventRounds "9"]
[EventCountry "GER"]
[SourceTitle "EXT 2022"]
[Source "ChessBase"]
[SourceDate "2021.10.06"]
[SourceVersion "1"]
[SourceVersionDate "2021.10.06"]
[SourceQuality "1"]
[WhiteTeam "Graefelfing SK"]
[BlackTeam "Freilassing"]
[WhiteTeamCountry "GER"]
[BlackTeamCountry "GER"]

1. e4 c6 2. d4 d5 3. Nc3 dxe4 4. Nxe4 Bf5 5. Ng3 Bg6 6. h4 h6 7. h5 Bh7 8. Nf3 Nd7 9. Bd3 Bxd3 10. Qxd3 e6 11. Bf4 Qa5+ 12. c3 Ngf6 13. Nd2 Nd5 14. Ne2 Nxf4 15. Nxf4 Be7 16. Nb3 Qg5 17. Qg3 Qxg3 18. fxg3 0-0-0 19. 0-0-0 Bd6 20. Nd2 Nf6 21. Rde1 Ng4 22. Ne4 Be7 23. Rhf1 Rhf8 24. Nd3 Rd5 25. Nf4 Rf5 26. Nf2 Nf6 27. Re5 Bd6 28. Rxf5 exf5 29. N2d3 Re8 30. Kd1 Ne4 31. Rf3 Ng5 32. Rf1 Re3 33. Re1 Rxg3 34. Ne5 Bxe5 35. Rxe5 Ne6 36. Rxf5 Nxf4 37. Rxf4 f6 38. Rf2 Rg5 39. Re2 Kd7 40. Ke1 Rxh5 41. Kf2 c5 42. Re4 cxd4 43. Rxd4+ Kc6 44. Rg4 Rf5+ 45. Ke3 Rg5 46. Rxg5 hxg5 47. Ke4 g6 48. b3 Kd6 49. a4 f5+ 50. Kd4 g4 51. b4 g5 52. c4 b6 53. Kd3 a5 54. bxa5 bxa5 55. Kd4 f4 0-1

[Event "Bezirksliga Oberbayern 1819"]
[Site "Bayern"]
[Date "2019.02.03"]
[Round "6.7"]
[White "Herrmann, Michael"]
[Black "Doan, Duc Trung"]
[Result "1-0"]
[WhiteElo "2112"]
[BlackElo "1690"]
[PlyCount "65"]
[EventDate "2018.10.21"]
[EventType "team-tourn"]
[EventRounds "9"]
[EventCountry "GER"]
[SourceTitle "EXT 2022"]
[Source "ChessBase"]
[SourceDate "2021.10.06"]
[SourceVersion "1"]
[SourceVersionDate "2021.10.06"]
[SourceQuality "1"]
[WhiteTeam "Freilassing"]
[BlackTeam "Ingolstadt MTV"]
[WhiteTeamCountry "GER"]
[BlackTeamCountry "GER"]

1. c4 Nf6 2. g3 c5 3. Bg2 Nc6 4. Nc3 e6 5. Nf3 Be7 6. d4 cxd4 7. Nxd4 a6 8. e4 Qc7 9. 0-0 0-0 10. b3 d6 11. Bb2 Bd7 12. Rc1 Rac8 13. h3 Rfd8 14. Kh2 Nxd4 15. Qxd4 Qc5 16. Qxc5 dxc5 17. e5 Ne8 18. Bxb7 Rb8 19. Bg2 Nc7 20. Rfd1 a5 21. Rd2 Be8 22. Rcd1 Rdc8 23. Ne4 Rd8 24. Rxd8 Bxd8 25. Nxc5 Be7 26. Nb7 a4 27. Bd4 g6 28. Ba7 Ra8 29. Bb6 axb3 30. axb3 Ra2 31. Nd6 Bd7 32. Bxc7 Rxf2 33. Ne4 1-0

[Event "Bezirksliga Oberbayern 1819"]
[Site "Bayern"]
[Date "2018.12.16"]
[Round "4.7"]
[White "Guenther, Carsten"]
[Black "Herrmann, Michael"]
[Result "0-1"]
[WhiteElo "1887"]
[BlackElo "2112"]
[PlyCount "68"]
[EventDate "2018.10.21"]
[EventType "team-tourn"]
[EventRounds "9"]
[EventCountry "GER"]
[SourceTitle "EXT 2022"]
[Source "ChessBase"]
[SourceDate "2021.10.06"]
[SourceVersion "1"]
[SourceVersionDate "2021.10.06"]
[SourceQuality "1"]
[WhiteTeam "Germering"]
[BlackTeam "Freilassing"]
[WhiteTeamCountry "GER"]
[BlackTeamCountry "GER"]

1. e4 c6 2. d4 d5 3. e5 Bf5 4. g4 Bd7 5. Nc3 e6 6. Be3 c5 7. dxc5 Qc7 8. Nf3 Bxc5 9. Qd2 Bxe3 10. Qxe3 Ne7 11. Bd3 a6 12. 0-0 Nbc6 13. Rfe1 Ng6 14. Qc5 Rc8 15. Kf1 Na5 16. Qxc7 Rxc7 17. Ne2 Nc4 18. Bxc4 Rxc4 19. Ned4 Nf4 20. Re3 Ke7 21. c3 Rhc8 22. Rd1 b5 23. Nd2 R4c7 24. Ne2 Nxe2 25. Kxe2 a5 26. Nb3 b4 27. Nxa5 bxc3 28. bxc3 Ra8 29. Nb3 Rxa2+ 30. Kf3 Ba4 31. Rb1 Rb7 32. Nd2 Rxb1 33. Nxb1 Bc2 34. Nd2 Bd1+ 0-1

[Event "Bezirksliga Oberbayern 1819"]
[Site "Bayern"]
[Date "2018.11.25"]
[Round "3.7"]
[White "Herrmann, Michael"]
[Black "Yang, David"]
[Result "1-0"]
[WhiteElo "2112"]
[BlackElo "1691"]
[PlyCount "53"]
[EventDate "2018.10.21"]
[EventType "team-tourn"]
[EventRounds "9"]
[EventCountry "GER"]
[SourceTitle "EXT 2022"]
[Source "ChessBase"]
[SourceDate "2021.10.06"]
[SourceVersion "1"]
[SourceVersionDate "2021.10.06"]
[SourceQuality "1"]
[WhiteTeam "Freilassing"]
[BlackTeam "Germering II"]
[WhiteTeamCountry "GER"]
[BlackTeamCountry "GER"]

1. c4 c5 2. g3 Nc6 3. Bg2 Nf6 4. Nc3 g6 5. b3 Bg7 6. Bb2 0-0 7. Nd5 Nxd5 8. Bxg7 Ne3 9. dxe3 Qa5+ 10. Qd2 Qxd2+ 11. Kxd2 Kxg7 12. Nh3 b6 13. Nf4 Bb7 14. Rhd1 g5 15. Nd3 Na5 16. e4 f5 17. Ke3 Rad8 18. f4 fxe4 19. Bxe4 d5 20. cxd5 Bxd5 21. Nxc5 gxf4+ 22. gxf4 Bg8 23. Nd7 Rfe8 24. Rac1 Be6 25. Rg1+ Kh8 26. Ne5 Rf8 27. b4 1-0

[Event "AUT-chT2W 1516"]
[Site "Austria"]
[Date "2015.10.18"]
[Round "3.6"]
[White "Herrmann, Michael"]
[Black "Wieneroiter, Gerald"]
[Result "1/2-1/2"]
[WhiteElo "2103"]
[BlackElo "2140"]
[PlyCount "82"]
[EventDate "2015.10.16"]
[EventType "team-tourn"]
[EventRounds "11"]
[EventCountry "AUT"]
[SourceTitle "CBM 168 Extra"]
[Source "ChessBase"]
[SourceDate "2015.10.29"]
[SourceVersion "1"]
[SourceVersionDate "2015.10.29"]
[SourceQuality "1"]
[WhiteTeam "Salzburg"]
[BlackTeam "Bernhard II"]
[WhiteTeamCountry "AUT"]
[BlackTeamCountry "AUT"]

1. c4 c6 2. Nf3 d5 3. b3 Nf6 4. Bb2 Bf5 5. g3 Nbd7 6. Bg2 e6 7. 0-0 h6 8. d3 Be7 9. Nbd2 0-0 10. Rc1 a5 11. a3 Bh7 12. Rc2 dxc4 13. Rxc4 Nd5 14. Qa1 Bf6 15. d4 Nc7 16. Rd1 Nb5 17. Rcc1 Qb8 18. e4 Rd8 19. Ne1 Nf8 20. Nc4 Qa7 21. Nc2 Rd7 22. a4 Nc7 23. Ne5 Bxe5 24. dxe5 Rad8 25. Bd4 c5 26. Be3 b6 27. Na3 Qb7 28. f3 Na6 29. Nc4 Qb8 30. Nd6 Ng6 31. Bf1 Nxe5 32. Qxe5 Nb4 33. Bf4 Nc6 34. Qa1 e5 35. Bxe5 Nxe5 36. Qxe5 Rxd6 37. Qa1 Rd4 38. Bc4 Kf8 39. Bd5 Rxd1+ 40. Rxd1 f6 41. Rd3 Bg8 1/2-1/2

[Event "AUT-chT2W 1213"]
[Site "Austria"]
[Date "2012.12.01"]
[Round "5.5"]
[White "Herrmann, Michael"]
[Black "Platzgummer, Fabian"]
[Result "0-1"]
[WhiteElo "2149"]
[BlackElo "2311"]
[PlyCount "172"]
[EventDate "2012.10.05"]
[EventType "team-tourn"]
[EventRounds "11"]
[EventCountry "AUT"]
[SourceTitle "EXT 2014"]
[Source "ChessBase"]
[SourceDate "2013.11.20"]
[SourceVersion "1"]
[SourceVersionDate "2013.11.20"]
[SourceQuality "1"]
[WhiteTeam "ASK"]
[BlackTeam "Zillertal"]
[WhiteTeamCountry "AUT"]
[BlackTeamCountry "AUT"]

1. c4 e6 2. Nf3 d5 3. g3 Nf6 4. Bg2 dxc4 5. Qa4+ Nbd7 6. Qxc4 c5 7. 0-0 b6 8. b3 Bb7 9. Bb2 Bd6 10. d3 0-0 11. Nbd2 Qe7 12. Ne4 Nxe4 13. dxe4 Rfd8 14. Rfd1 Rac8 15. Rd2 Bc7 16. Rad1 Nb8 17. Qc3 f6 18. Qc4 Ba6 19. Qc2 Nc6 20. e3 Rxd2 21. Rxd2 Rd8 22. a3 Rxd2 23. Qxd2 Qd6 24. Bf1 Bb7 25. Qxd6 Bxd6 26. Bc4 Kf7 27. Nd2 Ke7 28. Kf1 h6 29. h3 Be5 30. Bxe5 Nxe5 31. Be2 Bc6 32. f3 b5 33. Ke1 a5 34. Kd1 Kd6 35. Kc2 Nd7 36. Kb2 Nb6 37. Bd1 Bd7 38. Bc2 e5 39. h4 Be6 40. Bd1 Kc6 41. Bc2 b4 42. axb4 cxb4 43. Bd1 Kc5 44. f4 Bd7 45. fxe5 fxe5 46. Bc2 Bg4 47. Kc1 Be2 48. Kb2 Bb5 49. Nf3 Kd6 50. Bd1 Be8 51. Nd2 Kc5 52. Kc1 Bd7 53. Kb2 a4 54. bxa4 Bxa4 55. Be2 Nd7 56. Nf3 Bb5 57. Bd1 Bd3 58. Nd2 Nf6 59. Bf3 Kb5 60. Kb3 Nd7 61. Kb2 Nc5 62. Ka2 Bc4+ 63. Kb2 Na4+ 64. Kc2 Nc3 65. Bh5 Kc5 66. Nxc4 Kxc4 67. Bf7+ Kb5 68. Bd5 Kc5 69. Bb7 Ne2 70. g4 g5 71. hxg5 hxg5 72. Bd5 Nc3 73. Bb7 Kb5 74. Bd5 Na4 75. Bf7 Nc5 76. Be8+ Kb6 77. Bg6 Ka5 78. Kb2 Kb5 79. Kc2 Ka4 80. Kb2 b3 81. Bf7 Kb4 82. Bd5 Nd3+ 83. Kb1 Kc3 84. Be6 Nb4 85. Bd5 Nc2 86. Be6 b2 0-1

[Event "AUT-chT2W 1112"]
[Site "Austria"]
[Date "2012.03.10"]
[Round "10.5"]
[White "Csrnko, Werner"]
[Black "Herrmann, Michael"]
[Result "0-1"]
[WhiteElo "1935"]
[BlackElo "2118"]
[PlyCount "78"]
[EventDate "2011.10.07"]
[EventType "team-tourn"]
[EventRounds "11"]
[EventCountry "AUT"]
[SourceTitle "EXT 2013"]
[Source "ChessBase"]
[SourceDate "2012.11.22"]
[SourceVersion "1"]
[SourceVersionDate "2012.11.22"]
[SourceQuality "1"]
[WhiteTeam "Zillertal"]
[BlackTeam "Salzburg"]
[WhiteTeamCountry "AUT"]
[BlackTeamCountry "AUT"]

1. c4 e6 2. g3 d5 3. Bg2 Nf6 4. Nf3 Be7 5. 0-0 0-0 6. b3 c5 7. Bb2 Nc6 8. d3 d4 9. Na3 e5 10. Nd2 Be6 11. Nc2 Qd7 12. Ne4 Nxe4 13. Bxe4 f5 14. Bg2 f4 15. Ne1 Kh8 16. Nf3 Bh3 17. Nd2 Rf6 18. f3 fxg3 19. hxg3 Rh6 20. Ne4 Bf5 21. Bc1 Rg6 22. Kf2 Bxe4 23. dxe4 Rf8 24. Rh1 Qg4 25. Rh3 Qxe4 26. Qh1 h6 27. f4 Qf5 28. Be4 Qg4 29. f5 Rxf5+ 30. Ke1 Bg5 31. Bxf5 Qxf5 32. Bxg5 Rxg5 33. Kd2 Nb4 34. Rc1 e4 35. Rf1 Qe5 36. Rc1 Qf5 37. Rxh6+ gxh6 38. Qxh6+ Kg8 39. Rh1 e3+ 0-1

[Event "AUT-chT2W 1112"]
[Site "Austria"]
[Date "2012.03.09"]
[Round "9.6"]
[White "Schnegg, Anna Lena"]
[Black "Herrmann, Michael"]
[Result "1/2-1/2"]
[WhiteElo "1965"]
[BlackElo "2118"]
[PlyCount "98"]
[EventDate "2011.10.07"]
[EventType "team-tourn"]
[EventRounds "11"]
[EventCountry "AUT"]
[SourceTitle "EXT 2013"]
[Source "ChessBase"]
[SourceDate "2012.11.22"]
[SourceVersion "1"]
[SourceVersionDate "2012.11.22"]
[SourceQuality "1"]
[WhiteTeam "Jenbach II"]
[BlackTeam "Salzburg"]
[WhiteTeamCountry "AUT"]
[BlackTeamCountry "AUT"]

1. e4 c6 2. d4 d5 3. Nc3 dxe4 4. Nxe4 Bf5 5. Nc5 b6 6. Nb3 e6 7. Nf3 Bd6 8. g3 Ne7 9. Bg2 h6 10. c4 Nd7 11. Qe2 0-0 12. Bd2 a5 13. Bc3 a4 14. Nbd2 Rc8 15. 0-0 Re8 16. Ne4 Bb8 17. Rfd1 Qc7 18. Ne5 Nxe5 19. dxe5 Bxe4 20. Bxe4 Red8 21. f4 Ba7 22. Kh1 Qb8 23. Bb4 c5 24. Bc3 Rxd1+ 25. Rxd1 Rd8 26. Rd2 g6 27. g4 Kh7 28. Qd1 Rxd2 29. Qxd2 Qc7 30. Qd6 Bb8 31. Qxc7 Bxc7 32. Bc2 a3 33. b4 Nc6 34. b5 Nd4 35. Bxd4 cxd4 36. h4 Kg7 37. g5 Bd8 38. Kg2 Be7 39. Kf3 h5 40. Ke4 Bc5 41. Kd3 Kf8 42. Ke2 Ke7 43. Bd3 Bb4 44. Kd1 Bc3 45. Ke2 Kd7 46. Kd1 Bb2 47. Kd2 Bc3+ 48. Ke2 Kc7 49. Kd1 Kd7 1/2-1/2

[Event "AUT-chT2W 1112"]
[Site "Austria"]
[Date "2011.11.04"]
[Round "4.5"]
[White "De Francesco, Klaus"]
[Black "Herrmann, Michael"]
[Result "1-0"]
[WhiteElo "2353"]
[BlackElo "2101"]
[PlyCount "67"]
[EventDate "2011.10.07"]
[EventType "team-tourn"]
[EventRounds "11"]
[EventCountry "AUT"]
[SourceTitle "EXT 2012"]
[Source "ChessBase"]
[SourceDate "2011.11.24"]
[SourceVersion "1"]
[SourceVersionDate "2011.11.24"]
[SourceQuality "1"]
[WhiteTeam "Absam"]
[BlackTeam "Salzburg"]
[WhiteTeamCountry "AUT"]
[BlackTeamCountry "AUT"]

1. d4 d5 2. c4 e6 3. Nc3 Be7 4. Nf3 Nf6 5. g3 Nbd7 6. Bg2 0-0 7. 0-0 c6 8. b3 b6 9. Bb2 Bb7 10. Nd2 Rc8 11. e4 Qc7 12. e5 Ne8 13. cxd5 cxd5 14. Rc1 Qb8 15. Qg4 g6 16. h4 h5 17. Qh3 Rc7 18. Bf3 Ba6 19. Rfe1 Bd3 20. g4 hxg4 21. Bxg4 Bf5 22. Bxf5 gxf5 23. Kh1 Kh7 24. Rg1 Rh8 25. Rg2 Nf8 26. h5 Qc8 27. Rcg1 a6 28. Nf3 b5 29. Qg3 b4 30. Bc1 Ng6 31. hxg6+ Kg7+ 32. Rh2 Rxh2+ 33. Qxh2 fxg6 34. Qh6+ 1-0

[Event "AUT-chT2W 0910"]
[Site "Austria"]
[Date "2009.11.28"]
[Round "5.5"]
[White "Juen, Leopold"]
[Black "Herrmann, Michael"]
[Result "0-1"]
[WhiteElo "1991"]
[BlackElo "2242"]
[PlyCount "75"]
[EventDate "2009.10.23"]
[EventType "team-tourn"]
[EventRounds "11"]
[EventCountry "AUT"]
[SourceTitle "CBM 133 Extra"]
[Source "ChessBase"]
[SourceDate "2010.01.05"]
[SourceVersion "1"]
[SourceVersionDate "2010.01.05"]
[SourceQuality "1"]
[WhiteTeam "Bregenz"]
[BlackTeam "Salzburg"]
[WhiteTeamCountry "AUT"]
[BlackTeamCountry "AUT"]

1. e4 c6 2. d4 d5 3. Nc3 dxe4 4. Nxe4 Bf5 5. Ng3 Bg6 6. Nf3 Nd7 7. h4 h6 8. h5 Bh7 9. Bd3 Bxd3 10. Qxd3 e6 11. Bf4 Qa5+ 12. Bd2 Qc7 13. 0-0-0 0-0-0 14. Rh4 Ngf6 15. Bf4 Bd6 16. Bxd6 Qxd6 17. c4 Kb8 18. Ne4 Nxe4 19. Qxe4 Rhe8 20. Ne5 Re7 21. Rhh1 c5 22. f4 Nf6 23. Qd3 cxd4 24. Kb1 Ne8 25. Rc1 f6 26. c5 Qd5 27. Nf3 e5 28. Rhd1 Nc7 29. b4 Ne6 30. fxe5 fxe5 31. Nd2 Nf4 32. Qa3 Ne2 33. b5 Nc3+ 34. Ka1 Nxb5 35. Qa5 Nc3 36. Nc4 Nxd1 37. Rxd1 Qxc4 38. c6 0-1

[Event "Regionalliga SO 0102"]
[Site "Bayern"]
[Date "2002.04.28"]
[Round "9.6"]
[White "Popp, Michael"]
[Black "Herrmann, Michael"]
[Result "1/2-1/2"]
[WhiteElo "1900"]
[BlackElo "2015"]
[PlyCount "44"]
[EventDate "2001.10.07"]
[EventType "team"]
[EventRounds "9"]
[EventCountry "GER"]
[SourceTitle "EXT 2003"]
[Source "ChessBase"]
[SourceDate "2002.11.25"]
[SourceVersion "1"]
[SourceVersionDate "2002.11.25"]
[SourceQuality "1"]
[WhiteTeam "Straubing"]
[BlackTeam "Vogtareuth"]
[WhiteTeamCountry "GER"]
[BlackTeamCountry "GER"]

1. e4 c6 2. d4 d5 3. e5 Bf5 4. Nf3 e6 5. Be2 Nd7 6. 0-0 Ne7 7. Be3 c5 8. c3 Nc6 9. Nbd2 Qb6 10. Qb3 Qxb3 11. Nxb3 c4 12. Nbd2 b5 13. Nh4 Bg6 14. f4 Be7 15. Nxg6 hxg6 16. Bf3 Nb6 17. Rf2 Kd7 18. Nf1 a5 19. Bd2 b4 20. Ne3 a4 21. g4 bxc3 22. bxc3 Rab8 1/2-1/2

[Event "Regionalliga SO 0102"]
[Site "Bayern"]
[Date "2002.03.17"]
[Round "7.4"]
[White "Wawra, Juergen"]
[Black "Herrmann, Michael"]
[Result "1/2-1/2"]
[WhiteElo "2090"]
[BlackElo "2015"]
[PlyCount "90"]
[EventDate "2001.10.07"]
[EventType "team"]
[EventRounds "9"]
[EventCountry "GER"]
[SourceTitle "EXT 2003"]
[Source "ChessBase"]
[SourceDate "2002.11.25"]
[SourceVersion "1"]
[SourceVersionDate "2002.11.25"]
[SourceQuality "1"]
[WhiteTeam "Unterpfaffenhofen"]
[BlackTeam "Vogtareuth"]
[WhiteTeamCountry "GER"]
[BlackTeamCountry "GER"]

1. c4 e6 2. Nc3 d5 3. cxd5 exd5 4. d4 c6 5. Nf3 Bf5 6. Bf4 Bd6 7. Bxd6 Qxd6 8. Qb3 Nd7 9. e3 Ngf6 10. Be2 0-0 11. 0-0 h6 12. Rfd1 Rab8 13. Rac1 Kh8 14. Nb1 a6 15. Qa3 Qe6 16. Nbd2 Rfe8 17. b4 Ne4 18. Nxe4 Bxe4 19. Rc3 Bxf3 20. Bxf3 Nb6 21. Be2 Nc4 22. Bxc4 dxc4 23. Rc2 Ra8 24. Qc3 b5 25. h3 h5 26. Re2 f5 27. f3 Rad8 28. e4 Re7 29. Qe3 Qf6 30. e5 Qh6 31. Qxh6+ gxh6 32. Kf2 h4 33. Red2 f4 34. Re2 Kg7 35. Re4 Rf8 36. d5 cxd5 37. Rxd5 Re6 38. Rd7+ Kg6 39. Rd6 Rxd6 40. exd6 Kf5 41. Re7 Rd8 42. d7 Kf6 43. Rh7 Ke5 44. Ke2 Kd4 45. Kd2 h5 1/2-1/2

[Event "Catalunya-chT"]
[Site "Catalunya"]
[Date "1996.??.??"]
[Round "?"]
[White "Baches Garcia, Guillermo"]
[Black "Herrmann, Michael"]
[Result "1-0"]
[WhiteElo "2130"]
[BlackElo "2260"]
[PlyCount "81"]
[EventDate "1996.??.??"]
[EventType "team"]
[EventRounds "9"]
[EventCountry "ESP"]
[SourceTitle "EXT 1999"]
[Source "ChessBase"]
[SourceDate "1998.11.16"]
[SourceVersion "1"]
[SourceVersionDate "1998.11.16"]
[SourceQuality "1"]

1. e4 Nf6 2. e5 Nd5 3. d4 d6 4. c4 Nb6 5. exd6 cxd6 6. Nc3 g6 7. Bd3 Bg7 8. Nge2 Nc6 9. d5 Ne5 10. b3 Nxd3+ 11. Qxd3 0-0 12. Be3 Bf5 13. Qd2 Nd7 14. Nd4 Qa5 15. Rc1 Nf6 16. Nxf5 gxf5 17. 0-0 Qd8 18. Rfe1 Kh8 19. Nb5 Ne4 20. Qd3 Qd7 21. Bxa7 Nc5 22. Bxc5 dxc5 23. a4 Bf6 24. Qe3 b6 25. Rcd1 Rg8 26. Qf3 Rae8 27. Qf4 Rc8 28. Rd3 Rg4 29. Qh6 Re8 30. Qe3 Reg8 31. g3 Re4 32. Qd2 Be5 33. Rde3 Rxe3 34. Qxe3 Bf6 35. Qf4 Rc8 36. Re3 Bg7 37. Rf3 e6 38. Qd6 Qxd6 39. Nxd6 Rc7 40. dxe6 fxe6 41. Re3 1-0

[Event "Catalunya-chT"]
[Site "Catalunya"]
[Date "1996.??.??"]
[Round "?"]
[White "Pomes Marcet, Juan"]
[Black "Herrmann, Michael"]
[Result "0-1"]
[WhiteElo "2420"]
[BlackElo "2260"]
[PlyCount "116"]
[EventDate "1996.??.??"]
[EventType "team"]
[EventRounds "9"]
[EventCountry "ESP"]
[SourceTitle "EXT 1999"]
[Source "ChessBase"]
[SourceDate "1998.11.16"]
[SourceVersion "1"]
[SourceVersionDate "1998.11.16"]
[SourceQuality "1"]

1. d4 Nf6 2. c4 d6 3. Nc3 Nbd7 4. e4 e5 5. d5 Nc5 6. f3 a5 7. Be3 Be7 8. Nge2 0-0 9. Qd2 Ne8 10. g4 Bh4+ 11. Ng3 g6 12. 0-0-0 a4 13. Kb1 Bd7 14. Be2 Ng7 15. f4 exf4 16. Bxf4 Qe7 17. Bf3 f6 18. Nge2 a3 19. b3 Rf7 20. Nd4 Bg5 21. Ndb5 Ne8 22. h4 Bxf4 23. Qxf4 Qe5 24. Qe3 f5 25. gxf5 Bxf5 26. Rde1 Bd7 27. h5 g5 28. h6 Rf4 29. b4 Na4 30. Nd1 Bxb5 31. cxb5 Nb2 32. Re2 Nxd1 33. Rxd1 Nf6 34. Rc1 g4 35. Bg2 Re8 36. Qxa3 Nxe4 37. Rxc7 Qxd5 38. Qe3 Nc3+ 39. Qxc3 Qd1+ 40. Qc1 Qxc1+ 41. Kxc1 Rxe2 42. Bd5+ Kf8 43. Kd1 Re7 44. Rc8+ Re8 45. Rxe8+ Kxe8 46. Bxb7 Rxb4 47. a3 Ra4 48. b6 Kd8 49. Ke2 Rxa3 50. Be4 Rh3 51. Bxh7 Rxh6 52. Bd3 Rh2+ 53. Kf1 Rb2 54. Bf5 g3 55. Be6 Ke7 56. Bd5 Rxb6 57. Kg2 Rb5 58. Bf3 Rg5 0-1

[Event "RL-op"]
[Site "Polch"]
[Date "1993.??.??"]
[Round "?"]
[White "Herrmann, Michael"]
[Black "Braemigk, Frank"]
[Result "0-1"]
[WhiteElo "2260"]
[BlackElo "1695"]
[PlyCount "48"]
[EventDate "1993.??.??"]
[EventType "swiss"]
[EventRounds "7"]
[EventCountry "GER"]
[SourceTitle "GER"]
[Source "ChessBase"]
[SourceDate "1999.07.01"]
[SourceVersion "1"]
[SourceVersionDate "1999.07.01"]
[SourceQuality "1"]

1. c4 Nf6 2. Nc3 e5 3. e4 Bc5 4. Nf3 a6 5. a3 d6 6. d4 exd4 7. Nxd4 0-0 8. b4 Ba7 9. Be2 Re8 10. f3 Bd7 11. Qd3 Nc6 12. Nxc6 bxc6 13. a4 Nh5 14. f4 Qh4+ 15. Kd1 Nxf4 16. Bxf4 Qxf4 17. c5 a5 18. g3 Qe5 19. cxd6 cxd6 20. bxa5 Bd4 21. Ra3 Rxa5 22. Bf3 Rb8 23. Ke2 Rc5 24. Rd1 Rb4 0-1

[Event "RL-op"]
[Site "Polch"]
[Date "1993.??.??"]
[Round "?"]
[White "Herrmann, Michael"]
[Black "Scholl, K."]
[Result "0-1"]
[WhiteElo "2260"]
[BlackElo "1685"]
[PlyCount "72"]
[EventDate "1993.??.??"]
[EventType "swiss"]
[EventRounds "7"]
[EventCountry "GER"]
[SourceTitle "GER"]
[Source "ChessBase"]
[SourceDate "1999.07.01"]
[SourceVersion "1"]
[SourceVersionDate "1999.07.01"]
[SourceQuality "1"]

1. c4 Nf6 2. Nc3 c5 3. g3 g6 4. Bg2 Bg7 5. e4 d6 6. d3 0-0 7. Nge2 Nc6 8. 0-0 Bd7 9. Bd2 Qc8 10. f3 Bh3 11. Bxh3 Qxh3 12. Nf4 Qd7 13. Rb1 Ne8 14. a3 f5 15. Qe2 Nd4 16. Qd1 Nf6 17. Nce2 Nc6 18. Bc3 fxe4 19. dxe4 Rf7 20. e5 Nxe5 21. Bxe5 dxe5 22. Qxd7 Nxd7 23. Nd3 Raf8 24. f4 exf4 25. Rxf4 Rxf4 26. Nexf4 Bd4+ 27. Kg2 e5 28. Ne6 Rf6 29. Nxd4 exd4 30. Re1 Kf7 31. h4 Re6 32. Rxe6 Kxe6 33. Kf3 Ne5+ 34. Ke4 Nxd3 35. Kxd3 Kf5 36. b4 b6 0-1